Statistics for Which City in Argentina?

Click here to take the quiz!

General Stats

  • This quiz has been taken 127 times
  • The average score is 10 of 18

Answer Stats

DescriptionLetterCity% Correct
Capital of ArgentinaBBuenos Aires
97%
Hometown of Lionel MessiRRosario
88%
Home to the oldest university of the countryCCórdoba
84%
Its metropolitan area is the largest wine-producing area in South AmericaMMendoza
76%
This city in Tierra del Fuego claims the title of world's southernmost cityUUshuaia
73%
Capital of the Entre Ríos province – namesake of a huge riverPParaná
56%
This coastal city was the smallest to host a match at the 1978 FIFA World CupMMar del Plata
54%
Site of the world's deadliest earthquake in 1944 – namesake of a Caribbean citySSan Juan
53%
This provincial capital had a massive flood in 2003SSanta Fe
51%
Where General Manuel Belgrano defeated Juan Pío de Tristán for the last time
during the Argentine War of Independence
SSalta
50%
Major provincial capital that was named "Ciudad Eva Perón" between 1952–55LLa Plata
49%
Where an assembly met and declared Argentina's independence in 1816SSan Miguel
de Tucumán
49%
Oldest city that was established by the Europeans in Argentine soilSSantiago del Estero
47%
Most populous city in PatagoniaNNeuquén
46%
The largest naval base of Argentina is located 29 km to the southeast of this cityBBahía Blanca
43%
Most populous Argentinian city on the Paraguay RiverFFormosa
38%
This river "port" is the closest town to a very famous waterfallPPuerto Iguazú
38%
Patagonian town whose harbour was the site where Ferdinand Magellan
overwintered in 1520 during his voyage around the world
PPuerto San Julián
16%

Score Distribution

Percentile by Number Answered

Percent of People with Each Score

Your Score History

You have not taken this quiz